000
00265nam a2200097Ia 4500
001
640577
005
20250826153450.0
008
250824s9999 xx 000 0 und d
245
0
_a
ÇOK ÖZEL SÖZEL ZEKA
_c
OSMAN ALGIN-SÜLEYMAN KAHRAMAN
260
_b
EĞLENCELİ BİLGİ
999
_c
640577
_d
640577